000 00714nam a2200265Ia 4500
003 OSt
005 20220924132008.0
006 a|||||r|||| 00| 0
007 ta
008 220923b |||||||| |||| 00| 0 tel d
020 _aRs
020 _cRs.2
024 _a340895
037 _cTextual
040 _aARTS
_cARTS
_btel
041 _2tel
_atel
082 _aO35,1N18,4, J9
100 _aPaidipati Subbarama Sastri Au.
_9202905
245 0 _aVijaya Bharati
260 _aVijayawada-3
_bBharata Niketan India
_c1959
300 _a69p.
_ccm.
650 _aTELUGU LITERATURE
942 _hO35,1N18,4, J9
_cTEXL
_2CC
999 _c428939
_d428939